| 000 | 00856nam a2200277Ia 4500 | ||
|---|---|---|---|
| 005 | 20251020182456.0 | ||
| 008 | 200515s9999 xx 000 0 und d | ||
| 020 | _a978-84-9728-372-4 | ||
| 082 | _a624.05/H87/2011/2 | ||
| 100 | _aGarcía Suárez, Santiago | ||
| 100 | _aGil Crespo, Ignacio Javier | ||
| 100 | _aHuerta, Santiago | ||
| 100 | _aTaín Guzmán, Miguel | ||
| 245 | 0 | _aActas del Séptimo Congreso Nacional de Historia de la Construcción. Santiago de Compostela, 26 - 29 de octubre de 2011. Volumen II | |
| 260 | _aMadrid | ||
| 260 | _bInstituto Juan de Herrera | ||
| 260 | _c2011 | ||
| 300 | _a1507 p. | ||
| 300 | _bil., tbl., graf. | ||
| 490 | _aTEXTOS SOBRE TEORÍA E HISTORIA DE LAS CONSTRUCCIONES | ||
| 500 | _a1 ejemplar. Volumen II | ||
| 650 | _aCONSTRUCCION | ||
| 650 | _aHISTORIA | ||
| 942 | _cLIB | ||
| 999 |
_c1023 _d1023 |
||